1110 1302 1143 1601 1650 1343 1600 1000 1961 1803 1332 1220 1784 1459 1460 1085 1680 1817 1252 1661 1074 1815 1905 1014 1818 1406 1092 1174 1911 1711 1608 1942 1182 1111 1176 1337 1777 1924 1969 1547 1756 1937 1579 1724 1743 1861 1230 1640 1561 1848 1523 1987 1337 1981 1850 1091 1481 1453 1137 1551 1612 1232 1214 1255 1622 1512 1287 1445 1409 1930 1955 1864 1047 1496 1493 1065 1459 1948 1168 1448 1305 1937 1458 1217 1808 1126 1166 1197 1305 1398 1742 1905 1761 1874 1055 1721 1281 1954 1038 BCNSPRNW ULIB Ver.6.0+V

เปลี่ยนเป็นภาษาไทย

Change to English
 แสดงรายละเอียดบรรณานุกรม
  กลับหน้าหลัก

Brief Record : Get Marc (ISO 2709) : E-mail record : QR code < ปิดหน้าต่าง
LEADER : 00000nam 2200000uu 4500
001    13399127177
003     ULIB
008    191019s2018||||th 000 0 tha d
020    ^a9781506237381 (pbk.)
050  4 ^aPE1128^bF773
245 00 ^a4 Practice tests for the TOEFL, 2019-2020 /^c[KaplanPublishing]
246 30 ^aFour practice tests for the TOEFL, 2019-2020
246 30 ^aKaplan TOEFL, 2019-2020 :^b4 practice tests essentialpractice for the TOEFL iBT
246 30 ^aTOEFL iBT, 2019-2020
246 30 ^aTest of English as a Foreign Language, 2019-2020
246 30 ^aKaplan Test of English as a Foreign Language, 2019-2020
260    ^aNew York :^bKaplan Publishing,^c2018
300    ^a192 p. ;^c28 cm.
650  0 ^aTest of English as a Foreign Language^vStudy guides
650  0 ^aEnglish language^vTextbooks for foreign speakers
650  0 ^aEnglish language^xExaminations^vStudy guides
945    ^p0^l0^i27869
999    ^aกัณชพร จุลอักษร
รายการนี้ยังไม่มีแท็ก
คุณยังไม่ได้ล็อกอิน คุณสามารถมีกิจกรรมร่วมกับเว็บไซต์ได้ แต่ต้องล็อกอินก่อน ::
  ล็อกอิน

รายการสื่อสารสนเทศ

ลำดับที่ ประเภท เลขเรียก/บาร์โค้ด สถานที่ สถานะ
1. วิทยาศาสตร์การแพทย์ และสุขภาพ
วิทยาศาสตร์การแพทย์ และสุขภาพ
PE1128 F773 ฉ.1 
  Barcode: 27869
ห้องสมุดวิทยาเขตนครสวรรค์
►หนังสือทั่วไป:l:General Books
ถูกยืม กำหนดส่งวันที่ 23 ธันวาคม 2568
  จอง

BibComment


ยังไม่เคยถูกคอมเมนท์

คอมเมนท์ทรัพยากรรายการนี้
  คอมเมนท์: 4 Practice tests..


 Copyright 2026. Bcnsprnw @Library